<?xml version="1.0" encoding="UTF-8"?>
<collection xmlns="http://www.loc.gov/MARC21/slim">
 <record>
  <leader>01043nam a2200265 a 4500</leader>
  <controlfield tag="001">11550</controlfield>
  <controlfield tag="003">BD-DhAAL</controlfield>
  <controlfield tag="008">090505s2002    ii a     b   i001 0 eng d</controlfield>
  <datafield tag="999" ind1=" " ind2=" ">
   <subfield code="c">404</subfield>
   <subfield code="d">404</subfield>
  </datafield>
  <datafield tag="020" ind1=" " ind2=" ">
   <subfield code="a">9290222289 </subfield>
  </datafield>
  <datafield tag="040" ind1=" " ind2=" ">
   <subfield code="a">BD-DhAAL</subfield>
  </datafield>
  <datafield tag="082" ind1="0" ind2="0">
   <subfield code="a">616.246</subfield>
   <subfield code="2">22</subfield>
  </datafield>
  <datafield tag="245" ind1="1" ind2="0">
   <subfield code="a">Tuberculosis  :</subfield>
   <subfield code="b">epidemiology and control /</subfield>
   <subfield code="c">edited by Jai P. Narain.</subfield>
  </datafield>
  <datafield tag="260" ind1=" " ind2=" ">
   <subfield code="a">New Delhi : </subfield>
   <subfield code="b">World Health Organization </subfield>
   <subfield code="c">2002</subfield>
  </datafield>
  <datafield tag="300" ind1=" " ind2=" ">
   <subfield code="a">xii, 246 pages : </subfield>
   <subfield code="b">illustrations ;</subfield>
   <subfield code="c">25 cm.</subfield>
  </datafield>
  <datafield tag="504" ind1=" " ind2=" ">
   <subfield code="a">Includes bibliographical references.</subfield>
  </datafield>
  <datafield tag="541" ind1="1" ind2=" ">
   <subfield code="e">11550</subfield>
  </datafield>
  <datafield tag="650" ind1="2" ind2=" ">
   <subfield code="a">Tuberculosis.</subfield>
   <subfield code="9">41915</subfield>
  </datafield>
  <datafield tag="650" ind1="2" ind2=" ">
   <subfield code="a">Tuberculosis--epidemiology.</subfield>
   <subfield code="9">41916</subfield>
  </datafield>
  <datafield tag="650" ind1="2" ind2=" ">
   <subfield code="a"> Tuberculosis--prevention &amp; control.</subfield>
   <subfield code="9">41917</subfield>
  </datafield>
  <datafield tag="700" ind1="1" ind2="0">
   <subfield code="a">Narain, Jai P.</subfield>
   <subfield code="9">41918</subfield>
  </datafield>
  <datafield tag="710" ind1="2" ind2="0">
   <subfield code="a">World Health Organization</subfield>
   <subfield code="9">41919</subfield>
  </datafield>
  <datafield tag="852" ind1="4" ind2=" ">
   <subfield code="a"> Ayesha Abed Library</subfield>
   <subfield code="c">General Stacks</subfield>
  </datafield>
  <datafield tag="942" ind1=" " ind2=" ">
   <subfield code="2">ddc</subfield>
   <subfield code="c">BK</subfield>
  </datafield>
  <datafield tag="952" ind1=" " ind2=" ">
   <subfield code="0">0</subfield>
   <subfield code="1">0</subfield>
   <subfield code="2">ddc</subfield>
   <subfield code="4">0</subfield>
   <subfield code="6">616_246000000000000_TUB_2002</subfield>
   <subfield code="7">0</subfield>
   <subfield code="9">365</subfield>
   <subfield code="a">BRACUL</subfield>
   <subfield code="b">BRACUL</subfield>
   <subfield code="c">GEN</subfield>
   <subfield code="d">2009-05-05</subfield>
   <subfield code="g">0.00</subfield>
   <subfield code="l">2</subfield>
   <subfield code="m">15</subfield>
   <subfield code="o">616.246 TUB</subfield>
   <subfield code="p">3010011550</subfield>
   <subfield code="r">2025-05-22</subfield>
   <subfield code="s">2025-01-06</subfield>
   <subfield code="t">1</subfield>
   <subfield code="w">2009-05-05</subfield>
   <subfield code="y">BK</subfield>
   <subfield code="x">No price found in the accession register.</subfield>
  </datafield>
 </record>
</collection>
